000 00385nam a2200145Ia 4500
008 100415s9999 xx 000 0 und d
082 _b10673
_a550
100 _aEmbleton Clifford
245 _aPeriglacial Geomorphology
260 _aLONDON
_c1975
_bEDWARD ARNOLD
365 _b193.5
630 _aPeriglacial Geomorphology
730 _aPeriglacial Geomorphology
942 _cBOOK
999 _c593599
_d593596